00314pab a2200133 454500008004000000100001800040245004500058260000900103300001200112362000800124650001400132650001600146773001800162180718b2012 xxu||||| |||| 00| 0 eng d aGokarn, Subir aFood inflation: This time it's different c2012 ap.1-18. aMar aInflation aFood supply aArtha Vijnana